All pigs are beautiful / (Record no. 20664)

000 -CABECERA
fixed length control field 00602nam a22002057a 4500
003 - IDENTIFICADOR DEL NÚMERO DE CONTROL
control field AR-CdUCM
008 - DATOS DE LONGITUD FIJA--INFORMACIÓN GENERAL
fixed length control field 190423b ||||| |||| 00| 0 eng d
040 ## - FUENTE DE LA CATALOGACIÓN
Agencia/entidad que catalogó originalmente la obra MUNICIPALIDAD PROVINCIAL DEL CUSCO
Entidad que transcribió la catalogación BIBLIOTECA MUNICIPAL DEL CUSCO
082 ## - NÚMERO DE LA CLASIFICACIÓN DECIMAL DEWEY
No. de Clasificación PI / 376.1 /
Notacion interna D73
100 ## - ENTRADA PRINCIPAL--NOMBRE DE PERSONA
Nombre Personal Dick King, Smith
245 ## - MENCIÓN DE TÍTULO
Título All pigs are beautiful /
260 ## - PUBLICACIÓN, DISTRIBUCIÓN, ETC.
Lugar de publicación, distribución, etc. China :
Nombre de la editorial, distribuidor, etc. Walker book,
Fecha de publicación, distribución, etc. 2008..
300 ## - DESCRIPCIÓN FÍSICA
Nº de Páginas Extensión 29 páginas ;
Dimensiones 28 cm
Otros detalles físicos Ilustrado
505 ## - NOTA DE CONTENIDO CON FORMATO
Nota de contenido formateada Contenido : Cuento.
650 ## - PUNTO DE ACCESO ADICIONAL DE MATERIA--TÉRMINO DE MATERIA
Descriptor Cuento
9 (RLIN) 4671
650 ## - PUNTO DE ACCESO ADICIONAL DE MATERIA--TÉRMINO DE MATERIA
Descriptor infantil
9 (RLIN) 6210
700 ## - PUNTO DE ACCESO ADICIONAL--NOMBRE DE PERSONA
Nombre Personal Jeram, Anita
9 (RLIN) 43202
942 ## - ELEMENTOS DE PUNTO DE ACCESO ADICIONAL (KOHA)
Fuente de clasificación
Tipo de item Libros-BMC
945 ## - PROCESAMIENTO DE INFORMACIÓN LOCAL (OCLC)
Catalogador rcc
Holdings
Estado de retiro (separado) Fuente de clasificación o esquema de estanterías Estado dañado Ubicación Sala donde se ubica Nombre de la colección Fecha de adquisición o compra Costo, precio normal en soles Signatura topográfica Código de Barras Última vez visto (Koha) Tipo de ítem (Koha)
No     Sala de Infantes Sala de Infantes Children's Area 2019-06-03 25.00 PI / 376.1 / D73 SI00001267 2019-06-03 Libros-BMC

Powered by Koha